000
00274 a2200109 4500
003
Nust
005
20170207154227.0
040
_c
Nust
082
_a
371.33
245
_a
C-1342=Nbc Warning And Reporting (VHS-191)
440
_a
C-1342=Nbc Warning And Reporting (VHS-191)
538
_a
Duration in Minutes-98
999
_c
195624
_d
195624